| 000 | 00531cam a2200205 a 4500 | ||
|---|---|---|---|
| 001 | sa 65005098 | ||
| 003 | DLC | ||
| 005 | 20260227112135.0 | ||
| 008 | 950531s1962 pk 000 p urdo | ||
| 010 | _asa 65005098 | ||
| 035 | _a(OCoLC)32578633 | ||
| 040 |
_aDLC _cDLC |
||
| 050 | 0 | 0 |
_aPK2200.S435 _bH3 |
| 100 | 0 |
_aJaʻfar Shīrāzī, _d1920- |
|
| 245 | 1 | 0 |
_aHavā ke rang / _cJaʻfar Shīrāzī. |
| 260 |
_aLahaur : _bMaktabah-yi Adab-i Jadīd, _c1962. |
||
| 300 |
_a112 p. _c18 cm. |
||
| 500 | _aPoems. | ||
| 546 | _aIn Urdu. | ||
| 999 |
_c64110 _d64110 |
||